Modern algebra and trigonometry (Record no. 3359)

MARC details
000 -LEADER
fixed length control field 00637nam a22002177a 4500
003 - CONTROL NUMBER IDENTIFIER
control field URS
005 - DATE AND TIME OF LATEST TRANSACTION
control field 20220114142453.0
008 - FIXED-LENGTH DATA ELEMENTS--GENERAL INFORMATION
fixed length control field 190828s1970 ck a 001 0 eng
010 ## - LIBRARY OF CONGRESS CONTROL NUMBER
LC control number 9
040 ## - CATALOGING SOURCE
Transcribing agency URS
Modifying agency rda
Language of cataloging eng
050 00 - LIBRARY OF CONGRESS CALL NUMBER
Classification number QA 152
Item number .V 2221 1984
100 1# - MAIN ENTRY--PERSONAL NAME
Personal name Vance, Elbridge Putnam,
Dates associated with a name 1915-
245 10 - TITLE STATEMENT
Title Modern algebra and trigonometry
Statement of responsibility, etc. By Elbridge P. Vance.
260 ## - PUBLICATION, DISTRIBUTION, ETC.
Place of publication, distribution, etc. Bogota,
Name of publisher, distributor, etc. Fondo Educativo Interamericano
Date of publication, distribution, etc. [1984]
300 ## - PHYSICAL DESCRIPTION
Extent x, 374 pages
Other physical details with illustrations
Dimensions 21 cm
490 0# - SERIES STATEMENT
Series statement Bilingua series
650 #0 - SUBJECT ADDED ENTRY--TOPICAL TERM
Topical term or geographic name entry element Algebra.
650 #0 - SUBJECT ADDED ENTRY--TOPICAL TERM
Topical term or geographic name entry element Trigonometry.
740 ## - ADDED ENTRY--UNCONTROLLED RELATED/ANALYTICAL TITLE
Uncontrolled related/analytical title Algebra y trigonometria modernas.
942 ## - ADDED ENTRY ELEMENTS (KOHA)
Source of classification or shelving scheme Library of Congress Classification
Koha item type Foreign Books
Holdings
Withdrawn status Source of classification or shelving scheme Damaged status Not for loan Collection code Home library Current library Shelving location Date acquired Total Checkouts Full call number Barcode Date last seen Price effective from Koha item type
  Library of Congress Classification     Non-fiction Cainta College Library Cainta College Library On Display 08/28/2019   QA 152.V2221 1984 URSCAI-660 11/04/2016 11/04/2016 Foreign Books

University of Rizal System
Email us at univlibservices@urs.edu.ph

Visit our Website www.urs.edu.ph/library